| 000 | 01094nam a2200301 i 4500 | ||
|---|---|---|---|
| 003 | EG-GICUC | ||
| 005 | 20260223113447.0 | ||
| 008 | 260223s1911 ii ||fr|||| 001 0 eng d | ||
| 040 |
_aEG-GiCUC _beng _cEG-GiCUC _dEG-GiCUC _erda |
||
| 041 | 0 | _aeng | |
| 082 | 0 | 4 |
_221 _a341.69 _bDO . T |
| 092 | 0 | 4 | _221 |
| 099 | _aLaw1 11 341.69 DO . T 1911 | ||
| 100 | 1 |
_aDonogh, Walter Russell _eAuthor. |
|
| 245 | 1 | 2 |
_aA Treatise On The Law Of Sedition And Cognate Offences In British India, : _bPenal And Preventive. With An Excerpt Of The Acts In Force Relating To The Press The Stage, And Public Meetings / _cBy Walter Russell Donogh. |
| 264 | 1 |
_aCalcutta : _bThacker, Spink & Co _c1911. |
|
| 300 |
_a279 pages, _c24 cm. |
||
| 336 |
_2rda content _atext |
||
| 337 |
_2rda media _aComputer |
||
| 338 |
_2rda carrier _aOnline Resource |
||
| 500 | _aSalus Aripublice Suprema Lex | ||
| 500 | _aIncludes index. | ||
| 546 | _aText in English | ||
| 650 | 1 | 4 | _aPublic international law |
| 856 | 4 | 0 | _uhttps://fll.law.cu.edu.eg/fulltext/bks/B11-08405.pdf |
| 905 | _a48 | ||
| 942 |
_2ddc _cBK _e21 _n0 |
||
| 999 |
_c64052 _d64052 |
||